Quan niệm của Nho giáo về "Đạo làm người" /

Na minha lista:
Detalhes bibliográficos
Autor principal: Lê Kinh Nam, ThS.
Formato: Atigo
Idioma:Vietnamese
Assuntos:
Tags: Adicionar Tag
Sem tags, seja o primeiro a adicionar uma tag!
Thư viện lưu trữ: Thư viện Trường Đại học Đà Lạt
LEADER 00794nam a2200277 4500
001 DLU180186911
005 ##20180910
040 # # |a DLU  |b vie 
041 # # |a vie 
044 # # |a vn 
100 # # |a Lê Kinh Nam,   |c ThS. 
245 # # |a Quan niệm của Nho giáo về "Đạo làm người" /  |c Lê Kinh Nam. 
653 # # |a Đạo đức 
653 # # |a Đạo làm người 
653 # # |a Nho giáo 
653 # # |a Quan hệ gia đình 
773 # # |t Tạp chí dạy và học ngày nay  |g Số 2, 2016, tr. 63-64 
920 # # |a Phòng Tạp chí -- Trung tâm Thông tin - Thư viện Trường Đại học Đà Lạt 
994 # # |a DLU 
900 # # |a True 
911 # # |a Trần Thị Minh Hương 
925 # # |a G 
926 # # |a A 
927 # # |a BB 
980 # # |a Thư viện Trường Đại học Đà Lạt